000 00596nam a2200217Ia 4500
008 101110s9999 xx 000 0 und d
041 _aENGLISH
082 _bSR25235
100 _aBangui P.S.; Phatak V.V.; Sardesai P.L.; Patil C.G.; Namjoshi A.V.
245 _aNew course in physics (FYBSC) paper II
260 _c2003
_bSheth Prak
300 _a233
365 _b100
520 _aPhysics
546 _aENGLISH
630 _aNew course in physics (FYBSC) paper II
650 _aPhysics
655 _aPhysics
730 _aNew course in physics (FYBSC) paper II
942 _cBOOK
999 _c817882
_d817879